00483 2200193 4500001002100000005001500021008004100036020002200077035001900099041000700118082000800125090001400133100001900147700002700166245002500193260002800218300002300246650002000269INLIS00000000002495220241224131828241224||||||||| | ||| |||| || |  a978-602-366-904-2 0010-1224024952 aid0 a813 a813 DUR a0 aTim InnerChild0 aDurroh Fuadin Kurniati00aAku Anak Berprestasi aSolobTiga Anandac2019 avi, 90 hlm.; 24 cm 0aKomik -- bacaan